| 000 | 00724nam a22001815i 4500 | ||
|---|---|---|---|
| 001 | 157917 | ||
| 003 | ES-MaACL | ||
| 005 | 20250804062752.0 | ||
| 008 | 040819s1886 sp |||| | spa d | ||
| 040 |
_aCAM _bspa _cCAM |
||
| 100 | 1 |
_aLois, Octavio. _9129035 |
|
| 245 | 1 | 3 |
_aLo accesible y lo inaccesible _b: estudios populares de filosofĂa positivista / _cOctavio Lois. |
| 260 |
_aBilbao : _b[s.n.], _c1886 ( _fEstablecimiento tip. de J. Busto) |
||
| 300 |
_a295 p. ; _c16 cm. |
||
| 650 | 7 |
_aFilosofĂa _2embne _912802 |
|
| 852 |
_aES-MaACL _jT-482-F-7 _z-- Enc. hol. _z-- Dedicatoria ms. del autor a la biblioteca del Ateneo, 1887 _q-- Falto de la cub. original _z-- Enc. en un vol. facticio |
||
| 999 |
_c157917 _d157917 |
||